|
|
|
|
| LEADER |
00000nam a22000007a 4500 |
| 005 |
20171025184230.0 |
| 007 |
cr|||| |||| |
| 008 |
171025s2009 mx |||||s|||| 00||0 spa d |
| 020 |
|
|
|a 978-607-401-120-3
|
| 035 |
|
|
|a 20766
|
| 040 |
|
|
|a vLex
|
| 090 |
|
|
|c 7145
|d 7145
|
| 100 |
1 |
|
|a Teresinha Bertussi, Guadelupe
|
| 245 |
1 |
0 |
|a Anuario educativo Mexicano
|h [Recurso electrn̤ico]:
|b Visin̤ retrospectiva 2009 /
|c Guadelupe Teresinha Bertussi
|
| 256 |
|
|
|a Servicio en ln̕ea
|
| 260 |
|
|
|a Ciudad de Mx̌ico:
|b Cm̀ara de Diputados,
|c 2009
|
| 300 |
|
|
|a 1 recurso electrn̤ico
|
| 506 |
1 |
|
|a Disponible solo en los productos indicados
|d vLex Global
|d vLex Global (Academic Edition, excluding Law Schools)
|d vLex Global (U.S. Academic Edition, Law Schools)
|d vLex Global (U.S. Academic Edition, excluding Law Schools)
|d vLex Global (Academic Edition, Law Schools)
|
| 650 |
0 |
4 |
|a Educacin̤
|z Mx̌ico
|
| 740 |
0 |
|
|a vLex Libros (Servicio en ln̕ea)
|
| 856 |
4 |
0 |
|u http://vlex.com/source/anuario-educativo-mexicano-2009-20766
|z Acceso restringido
|
| 942 |
|
|
|c BOOK
|
| 999 |
0 |
|
|a Education
|